000 00329nam a22001337a 4500
008 170523b xxu||||| |||| 00| 0 eng d
020 _a9781890919627
041 _aeng
080 _a94(7/8)
100 _a16
101 _aSHH
245 _aBEYOND MYTHS AND LEGENDS: A NARRATIVE HISTORY OF TEXAS
_cHOWELL, K.W
942 _2udc
_cBK
999 _c13867
_d13867